LDR 00891naa#a2200169#i#450# 001 EN\\bibl\126717 005 20260630054346.2 011 ## _a2223-9987 100 ## _a20260629b2026####ek#y0engy0150####ca 102 ## _aRU 200 1# _aWave Processes in a 10 kV High-Voltage Railway Signalling Line Subjected to Serial Lightning Strikes _eJournal article 210 1# _aSaint-Petersburg _cFSBEI HE "Emperor Alexander I St. Petersburg State Transport University" _d2026 215 ## _a12 с. 608 ## _aJournal article _2local 675 ## _aМеры безопасности. Сигналы. 656.25 _aЗащита и защитные устройства. Предохранители. Защитные автоматы. Грозозащита. Заземление. 621.316.9 _aВоздушные линии электропередачи. 621.315.1 _z 700 #1 _aSolov'ev _gAleksandr Dmitrievich 856 4# _aatjournal.ru _u